[Event "MNT Team Cup"]
[Site "Herceg Novi"]
[Date "2022.05.22"]
[Round "4.4"]
[White "Raicevic, Momcilo"]
[Black "Sukovic, Andrej"]
[Result "1/2-1/2"]
[WhiteElo "2272"]
[BlackElo "2356"]
[PlyCount "70"]
[EventDate "2022.05.20"]
[EventType "swiss"]
[EventRounds "5"]
[EventCountry "MNE"]
[SourceTitle "CBM 208 Extra"]
[Source "ChessBase"]
[SourceDate "2022.07.31"]
[SourceVersion "1"]
[SourceVersionDate "2022.07.31"]
[SourceQuality "1"]

1. c4 Nf6 2. g3 g6 3. Bg2 Bg7 4. Nc3 0-0 5. e3 c5 6. Nge2 Nc6 7. d4 d6 8. 0-0 Bg4 9. h3 cxd4 10. exd4 Bxe2 11. Nxe2 d5 12. cxd5 Nxd5 13. Nc3 e6 14. Nxd5 exd5 15. Be3 Qd7 16. Qb3 Rfd8 17. Rfd1 Rac8 18. Bg5 Nxd4 19. Rxd4 Bxd4 20. Bxd8 Qxd8 21. Bxd5 Qf6 22. Rf1 b6 23. Kg2 Rc7 24. Bf3 Bxb2 25. Rd1 Kg7 26. Rd2 Bd4 27. Qd5 Bc5 28. Re2 Re7 29. Rd2 Re1 30. Qc4 Rb1 31. Qe2 Rb4 32. Bd5 Rd4 33. Rxd4 Qxd4 34. Qf3 Qf6 35. Qxf6+ Kxf6 1/2-1/2

[Event "MNT Team Cup"]
[Site "Herceg Novi"]
[Date "2020.06.26"]
[Round "2.2"]
[White "Raicevic, Momcilo"]
[Black "Kalezic, Blazo"]
[Result "1-0"]
[WhiteElo "2313"]
[BlackElo "2451"]
[PlyCount "77"]
[EventDate "2020.06.25"]
[EventType "team-swiss"]
[EventRounds "5"]
[EventCountry "MNE"]
[SourceTitle "EXT 2021"]
[Source "ChessBase"]
[SourceDate "2020.10.23"]
[SourceVersion "1"]
[SourceVersionDate "2020.10.23"]
[SourceQuality "1"]
[WhiteTeam "Rudar"]
[BlackTeam "Buducnost"]
[WhiteTeamCountry "MNE"]
[BlackTeamCountry "MNE"]

1. c4 e5 2. g3 Nc6 3. Bg2 f5 4. Nc3 Nf6 5. e3 Bc5 6. Nge2 d6 7. d4 Bb6 8. b4 exd4 9. exd4 a5 10. c5 axb4 11. cxb6 bxc3 12. bxc7 Qxc7 13. 0-0 0-0 14. Nxc3 Qa5 15. Qb3+ Kh8 16. Nb5 Ne4 17. Bf4 Be6 18. d5 Bg8 19. Bxd6 Nd4 20. Nxd4 Nxd6 21. Ne6 Rf6 22. Rfe1 Ra6 23. Qe3 h6 24. Nf4 Bf7 25. Qd4 Rb6 26. h4 Rb4 27. Qe5 Kh7 28. h5 Qb6 29. Re2 Qb5 30. Rae1 Qa4 31. Ne6 Bxh5 32. Qxd6 Bxe2 33. Qe7 Rxe6 34. Qxe6 Bg4 35. d6 Rd4 36. Bd5 f4 37. Be4+ Kh8 38. Qxg4 Rxe4 39. Qc8+ 1-0

[Event "MNT-chT 1st League"]
[Site "Podgorica"]
[Date "2019.07.22"]
[Round "3.3"]
[White "Tomic, Aleksandar1111"]
[Black "Raicevic, Momcilo"]
[Result "1/2-1/2"]
[WhiteElo "2333"]
[BlackElo "2314"]
[PlyCount "97"]
[EventDate "2019.07.20"]
[EventType "team-tourn"]
[EventRounds "9"]
[EventCountry "MNE"]
[SourceTitle "EXT 2020"]
[Source "ChessBase"]
[SourceDate "2019.10.17"]
[SourceVersion "1"]
[SourceVersionDate "2019.10.17"]
[SourceQuality "1"]
[WhiteTeam "Crnogorac"]
[BlackTeam "Rudar"]
[WhiteTeamCountry "MNE"]
[BlackTeamCountry "MNE"]

1. d4 g6 2. e4 c6 3. c4 d5 4. cxd5 cxd5 5. exd5 Nf6 6. Nc3 Bg7 7. Qb3 0-0 8. Nf3 Nbd7 9. a4 Nb6 10. a5 Nbxd5 11. Bc4 Nxc3 12. bxc3 Bf5 13. Ne5 e6 14. Ba3 Qxa5 15. 0-0 Rfc8 16. Qxb7 Qc7 17. Ba6 Ne4 18. g4 Bxe5 19. dxe5 Qxe5 20. gxf5 Rab8 21. Qe7 Qxf5 22. f3 Rxc3 23. Rad1 Qg5+ 24. Kh1 Rc2 25. Qxg5 Nxg5 26. Bd6 Rd8 27. Bd3 Rc3 28. Be2 f6 29. Be7 Rxd1 30. Rxd1 Nh3 31. Rd7 Rc1+ 32. Bf1 Rxf1+ 33. Kg2 Rf2+ 34. Kg3 Rf1 35. Kxh3 Rxf3+ 36. Kg2 Rf5 37. Rxa7 g5 38. Bd8 h5 39. Re7 Rd5 40. Bb6 e5 41. Be3 g4 42. Bh6 Rd3 43. Rg7+ Kh8 44. Rf7 Rf3 45. h4 e4 46. Re7 f5 47. Bg5 Kg8 48. Bh6 Kh8 49. Bg5 1/2-1/2

[Event "MNT-chT 1st League"]
[Site "Podgorica"]
[Date "2019.07.20"]
[Round "1.3"]
[White "Kisic, Bozidar"]
[Black "Raicevic, Momcilo"]
[Result "0-1"]
[WhiteElo "2257"]
[BlackElo "2314"]
[PlyCount "62"]
[EventDate "2019.07.20"]
[EventType "team-tourn"]
[EventRounds "9"]
[EventCountry "MNE"]
[SourceTitle "EXT 2020"]
[Source "ChessBase"]
[SourceDate "2019.10.17"]
[SourceVersion "1"]
[SourceVersionDate "2019.10.17"]
[SourceQuality "1"]
[WhiteTeam "Elektroprivreda"]
[BlackTeam "Rudar"]
[WhiteTeamCountry "MNE"]
[BlackTeamCountry "MNE"]

1. d4 g6 2. e4 c6 3. Bd3 d5 4. e5 Bg7 5. Nf3 f6 6. 0-0 Bg4 7. Re1 fxe5 8. dxe5 Nd7 9. Bf4 Nc5 10. Be2 Ne6 11. Qd2 Bxf3 12. Bxf3 Nxf4 13. Qxf4 Nh6 14. Nc3 Rf8 15. Qa4 e6 16. Rad1 Qb6 17. Qa3 Kf7 18. Na4 Qc7 19. Qe3 Kg8 20. Nc5 Rae8 21. Nd3 b6 22. Be2 Nf5 23. Qf4 c5 24. Bf1 Nd4 25. Qd2 Nc6 26. f4 g5 27. fxg5 c4 28. Nf2 Nxe5 29. Qe3 Rxf2 30. Qxf2 Ng4 31. Qg3 Qc5+ 0-1

[Event "MNT-chT"]
[Site "Montenegro"]
[Date "2017.09.24"]
[Round "2.4"]
[White "Raicevic, Momcilo"]
[Black "Miljanic, Boro"]
[Result "1/2-1/2"]
[WhiteElo "2338"]
[BlackElo "2365"]
[PlyCount "23"]
[EventDate "2017.09.23"]
[EventType "team"]
[EventRounds "9"]
[EventCountry "MNE"]
[SourceTitle "CBM 180 Extra"]
[Source "ChessBase"]
[SourceDate "2017.10.06"]
[SourceVersion "1"]
[SourceVersionDate "2017.10.06"]
[SourceQuality "1"]
[WhiteTeam "Rudar"]
[BlackTeam "Elektroprivreda"]
[WhiteTeamCountry "MNE"]
[BlackTeamCountry "MNE"]

1. c4 e6 2. b3 d5 3. Bb2 c5 4. cxd5 exd5 5. Nf3 Nc6 6. d4 Nf6 7. g3 Be7 8. dxc5 0-0 9. Bg2 Bxc5 10. 0-0 Re8 11. Nc3 a6 12. Rc1 1/2-1/2

[Event "MNT-chT"]
[Site "Niksic"]
[Date "2016.08.10"]
[Round "5.5"]
[White "Raicevic, Momcilo"]
[Black "Tomic, Aleksandar"]
[Result "0-1"]
[WhiteElo "2354"]
[BlackElo "2288"]
[PlyCount "98"]
[EventDate "2016.08.06"]
[EventType "team-tourn"]
[EventRounds "9"]
[EventCountry "MNE"]
[SourceTitle "CBM 173 Extra"]
[Source "ChessBase"]
[SourceDate "2016.08.29"]
[SourceVersion "1"]
[SourceVersionDate "2016.08.29"]
[SourceQuality "1"]

1. c4 Nf6 2. g3 e5 3. Bg2 h5 4. h3 h4 5. g4 d5 6. g5 Nh5 7. d3 dxc4 8. Qa4+ c6 9. Qxc4 Nf4 10. Bxf4 Be6 11. Qc1 exf4 12. Qxf4 Qb6 13. Qd2 Nd7 14. Nf3 0-0-0 15. 0-0 Rh5 16. Nc3 Be7 17. a3 Nc5 18. Rab1 Nb3 19. Qd1 Bxg5 20. e3 g6 21. Qe2 Qa6 22. Rfd1 Be7 23. Qc2 Kb8 24. d4 Na5 25. b4 Nc4 26. Ra1 Nxa3 27. Qb2 Nc4 28. Qe2 Qb6 29. b5 cxb5 30. e4 a6 31. Rab1 Na3 32. Rb2 Bc4 33. Qe3 Qc7 34. Rc1 Bf8 35. Nd5 Qd6 36. Ne5 Rxe5 37. dxe5 Qxe5 38. Rd2 Bxd5 39. exd5 Qxe3 40. fxe3 f5 41. Rd3 b4 42. e4 fxe4 43. Bxe4 a5 44. Kf2 a4 45. Kf3 b3 46. Rg1 Nc4 47. Rdd1 a3 48. Ke2 a2 49. Bd3 Re8+ 0-1

[Event "MNT-chT1"]
[Site "Bar"]
[Date "2015.09.28"]
[Round "3"]
[White "Raicevic, Momcilo"]
[Black "Vih, Antun"]
[Result "0-1"]
[WhiteElo "2368"]
[BlackElo "2116"]
[PlyCount "114"]
[EventDate "2015.09.26"]
[EventType "team-tourn"]
[EventRounds "9"]
[EventCountry "MNE"]
[SourceTitle "EXT 2017"]
[Source "ChessBase"]
[SourceDate "2016.10.25"]
[SourceVersion "1"]
[SourceVersionDate "2016.10.25"]
[SourceQuality "1"]

1. c4 Nf6 2. g3 e6 3. Nf3 b6 4. Bg2 Bb7 5. 0-0 c5 6. Nc3 Be7 7. d4 cxd4 8. Qxd4 d6 9. b3 Nbd7 10. Rd1 a6 11. Bb2 0-0 12. e4 Qc7 13. Rac1 Rad8 14. Qe3 Rfe8 15. Ne1 Qb8 16. h3 Bc6 17. Nd3 Qa8 18. Kh2 Nc5 19. f3 d5 20. cxd5 exd5 21. Nxd5 Bxd5 22. Nxc5 Bxc5 23. Qg5 h6 24. Qh4 Bc6 25. Bxf6 gxf6 26. Qxf6 Rxd1 27. Rxd1 Bf8 28. Rc1 Re6 29. Qf4 Qd8 30. h4 Bd6 31. Rd1 Qe7 32. Qg4+ Rg6 33. Qc8+ Kh7 34. f4 Bxf4 35. gxf4 Rxg2+ 36. Kxg2 Qxe4+ 37. Kf2 Qf3+ 38. Ke1 Qe3+ 39. Kf1 Bb5+ 40. Kg2 Qe2+ 41. Kg3 Qxd1 42. Qf5+ Kg8 43. Qc8+ Kg7 44. Qc3+ Kh7 45. Qf6 Qd3+ 46. Kf2 Qg6 47. Qe5 Bc6 48. h5 Qg2+ 49. Ke3 Qd5 50. Qc7 Qc5+ 51. Kd2 Bd5 52. Qd8 Be6 53. Qd3+ Qf5 54. Qxa6 Qa5+ 55. Qxa5 bxa5 56. Kc3 Bg4 57. a4 Bxh5 0-1

[Event "MNT-chT1"]
[Site "Bar"]
[Date "2015.09.26"]
[Round "1"]
[White "Raicevic, Momcilo"]
[Black "Milovic, Jovan"]
[Result "1/2-1/2"]
[WhiteElo "2368"]
[BlackElo "2338"]
[PlyCount "67"]
[EventDate "2015.09.26"]
[EventType "team-tourn"]
[EventRounds "9"]
[EventCountry "MNE"]
[SourceTitle "EXT 2017"]
[Source "ChessBase"]
[SourceDate "2016.10.25"]
[SourceVersion "1"]
[SourceVersionDate "2016.10.25"]
[SourceQuality "1"]

1. c4 g6 2. g3 Bg7 3. Bg2 Nc6 4. Nc3 Nf6 5. e3 d6 6. Nge2 h5 7. h3 Bd7 8. d4 a6 9. b3 e5 10. dxe5 dxe5 11. Ba3 Bf8 12. Bxf8 Kxf8 13. Nd5 Nxd5 14. cxd5 Ne7 15. Nc3 c6 16. 0-0 cxd5 17. Nxd5 Bb5 18. Re1 Rc8 19. Rc1 Kg7 20. Rxc8 Nxc8 21. Qa1 Re8 22. Rd1 Bc6 23. Nb4 Qf6 24. Nxc6 bxc6 25. Qc3 Ne7 26. Qc5 Qf5 27. e4 Qg5 28. h4 Qg4 29. Qxe5+ f6 30. Qd4 c5 31. Qd7 Kf7 32. Qxg4 hxg4 33. Bf1 Nc6 34. Rd6 1/2-1/2

[Event "EU-ch Seniors 13th"]
[Site "Plovdiv"]
[Date "2013.03.18"]
[Round "8"]
[White "Sveshnikov, Evgeny"]
[Black "Raicevic, Momcilo"]
[Result "1-0"]
[WhiteElo "2534"]
[BlackElo "2370"]
[PlyCount "49"]
[EventDate "2013.03.11"]
[EventType "swiss"]
[EventRounds "9"]
[EventCountry "BUL"]
[SourceTitle "CBM 153 Extra"]
[Source "ChessBase"]
[SourceDate "2013.04.22"]
[SourceVersion "1"]
[SourceVersionDate "2013.04.22"]
[SourceQuality "1"]

1. e4 c6 2. d4 g6 3. Nc3 d5 4. e5 Bg7 5. f4 f6 6. Nf3 Nh6 7. Be3 0-0 8. Qd2 Bg4 9. Be2 Nd7 10. 0-0-0 Nf5 11. Kb1 Nxe3 12. Qxe3 Bh6 13. Ng5 Nxe5 14. dxe5 Bxe2 15. exf6 exf6 16. Ne6 Re8 17. Qxe2 Qd6 18. f5 gxf5 19. Qh5 Be3 20. Nd4 f4 21. Nf5 Qf8 22. Ne2 Kh8 23. g3 Re4 24. Nxf4 Bxf4 25. gxf4 1-0

[Event "EU-ch Seniors 13th"]
[Site "Plovdiv"]
[Date "2013.03.17"]
[Round "7"]
[White "Raicevic, Momcilo"]
[Black "Maryasin, Boris Feliksovich"]
[Result "1-0"]
[WhiteElo "2370"]
[BlackElo "2336"]
[PlyCount "125"]
[EventDate "2013.03.11"]
[EventType "swiss"]
[EventRounds "9"]
[EventCountry "BUL"]
[SourceTitle "CBM 153 Extra"]
[Source "ChessBase"]
[SourceDate "2013.04.22"]
[SourceVersion "1"]
[SourceVersionDate "2013.04.22"]
[SourceQuality "1"]

1. c4 c5 2. g3 Nc6 3. Bg2 g6 4. Nc3 Bg7 5. Nf3 e6 6. 0-0 Nge7 7. d3 0-0 8. Be3 d6 9. Qc1 Nf5 10. Bg5 f6 11. Bd2 Rb8 12. a3 Ncd4 13. Nxd4 Nxd4 14. Qd1 Bd7 15. e3 Nf5 16. Ne2 b5 17. b3 Qc8 18. Qc2 Bc6 19. e4 Ne7 20. b4 f5 21. Rab1 fxe4 22. dxe4 bxc4 23. bxc5 Rxb1 24. Rxb1 d5 25. Bg5 Qd7 26. Nf4 Ba4 27. Qe2 c3 28. exd5 c2 29. Rc1 Nxd5 30. Qxe6+ Qxe6 31. Nxe6 Nc3 32. Bf1 Na2 33. Nxf8 Nxc1 34. Nxg6 Bb2 35. Ne5 Nb3 36. Bc4+ Kg7 37. Nd3 Bxa3 38. c6 Nd4 39. c7 Bd7 40. Be3 Ne6 41. Bb3 Nxc7 42. Bxc2 a6 43. Bd4+ Kg8 44. Bb3+ Be6 45. Bc2 Bd6 46. Bc5 Bxc5 47. Nxc5 Bc8 48. f4 Kg7 49. Kf2 h5 50. Ke3 a5 51. Kd4 Ne8 52. Ne4 Bd7 53. Ke5 Bc6 54. Nd6 a4 55. Nf5+ Kf7 56. Bd3 Bd7 57. Bc4+ Kg6 58. Ne3 Nf6 59. f5+ Kg7 60. h3 Be8 61. Nc2 Bc6 62. Nd4 Bg2 63. Ne6+ 1-0

[Event "EU-chT Seniors"]
[Site "Rogaska Slatina"]
[Date "2012.04.03"]
[Round "8.3"]
[White "Hohler, Peter"]
[Black "Raicevic, Momcilo"]
[Result "1/2-1/2"]
[WhiteElo "2197"]
[BlackElo "2372"]
[PlyCount "78"]
[EventDate "2012.03.27"]
[EventType "team-swiss"]
[EventRounds "9"]
[EventCountry "SLO"]
[SourceTitle "CBM 147 Extra"]
[Source "ChessBase"]
[SourceDate "2012.04.24"]
[SourceVersion "1"]
[SourceVersionDate "2012.04.24"]
[SourceQuality "1"]
[WhiteTeam "Switzerland (Seniors)"]
[BlackTeam "Montenegro (Seniors)"]
[WhiteTeamCountry "SUI"]
[BlackTeamCountry "MNE"]

1. d4 d5 2. c4 c6 3. e3 Nf6 4. Nc3 g6 5. Nf3 Bg7 6. h3 0-0 7. Bd3 dxc4 8. Bxc4 Nbd7 9. 0-0 c5 10. Qe2 a6 11. a4 Qc7 12. dxc5 Nxc5 13. e4 Be6 14. Bxe6 Nxe6 15. g3 Rfd8 16. Be3 Qc6 17. Ne5 Qd6 18. Nc4 Qb4 19. e5 Nh5 20. Rfd1 b5 21. Nb6 Rxd1+ 22. Rxd1 Re8 23. Nbd5 Qb3 24. axb5 axb5 25. g4 Bxe5 26. gxh5 b4 27. Ne4 Bxb2 28. Nc5 Nxc5 29. Bxc5 e6 30. Nxb4 Qxh3 31. Rd3 Qf5 32. Qxb2 Qxc5 33. hxg6 hxg6 34. Rh3 Qg5+ 35. Kh2 e5 36. Nd5 Rd8 37. Ne3 Qf4+ 38. Kg2 Kg7 39. Qe2 Qe4+ 1/2-1/2

[Event "EU-chT Seniors"]
[Site "Rogaska Slatina"]
[Date "2012.04.02"]
[Round "7.1"]
[White "Raicevic, Momcilo"]
[Black "Mishuchkov, Nikolai Mikhailovic"]
[Result "1-0"]
[WhiteElo "2372"]
[BlackElo "2431"]
[PlyCount "52"]
[EventDate "2012.03.27"]
[EventType "team-swiss"]
[EventRounds "9"]
[EventCountry "SLO"]
[SourceTitle "CBM 147 Extra"]
[Source "ChessBase"]
[SourceDate "2012.04.24"]
[SourceVersion "1"]
[SourceVersionDate "2012.04.24"]
[SourceQuality "1"]
[WhiteTeam "Montenegro (Seniors)"]
[BlackTeam "Russia (Seniors)"]
[WhiteTeamCountry "MNE"]
[BlackTeamCountry "RUS"]

1. c4 Nf6 2. g3 e6 3. Nf3 d5 4. Bg2 dxc4 5. Qa4+ Nbd7 6. Qxc4 a6 7. d4 b5 8. Qc2 Bb7 9. 0-0 c5 10. dxc5 Bxc5 11. Nbd2 Rc8 12. Qd1 0-0 13. Nb3 Be7 14. Bd2 Nc5 15. Ba5 Qxd1 16. Rfxd1 Na4 17. Rd2 Rfe8 18. Rc1 Rxc1+ 19. Nxc1 Ne4 20. Rd1 Bf6 21. Nd2 Nd6 22. Bb4 Bxg2 23. Kxg2 Nc4 24. b3 Nxd2 25. Rxd2 Nb6 26. e4 Nd7 1-0

[Event "EU-chT Seniors"]
[Site "Rogaska Slatina"]
[Date "2012.03.30"]
[Round "4.1"]
[White "Klundt, Klaus"]
[Black "Raicevic, Momcilo"]
[Result "0-1"]
[WhiteElo "2378"]
[BlackElo "2372"]
[PlyCount "54"]
[EventDate "2012.03.27"]
[EventType "team-swiss"]
[EventRounds "9"]
[EventCountry "SLO"]
[SourceTitle "CBM 147 Extra"]
[Source "ChessBase"]
[SourceDate "2012.04.24"]
[SourceVersion "1"]
[SourceVersionDate "2012.04.24"]
[SourceQuality "1"]
[WhiteTeam "Germany (Seniors)"]
[BlackTeam "Montenegro (Seniors)"]
[WhiteTeamCountry "GER"]
[BlackTeamCountry "MNE"]

1. e4 c6 2. d4 g6 3. Nc3 d5 4. Nf3 Bg7 5. h3 Nf6 6. e5 Nfd7 7. Bd3 0-0 8. 0-0 c5 9. e6 fxe6 10. Ng5 Nf6 11. Re1 cxd4 12. Nb5 Nc6 13. Nxe6 Bxe6 14. Rxe6 a6 15. Na3 Qd7 16. Re1 e5 17. Nb1 Nh5 18. Nd2 e4 19. Be2 Qf7 20. Rf1 Nf4 21. Nb3 Rae8 22. Bxf4 Qxf4 23. Qd2 Qxd2 24. Nxd2 Nb4 25. Bd1 e3 26. fxe3 dxe3 27. Rxf8+ Bxf8 0-1

[Event "EU-chT Seniors"]
[Site "Rogaska Slatina"]
[Date "2012.03.29"]
[Round "3.3"]
[White "Fatalibekova, Elena"]
[Black "Raicevic, Momcilo"]
[Result "0-1"]
[WhiteElo "2276"]
[BlackElo "2372"]
[PlyCount "56"]
[EventDate "2012.03.27"]
[EventType "team-swiss"]
[EventRounds "9"]
[EventCountry "SLO"]
[SourceTitle "CBM 147 Extra"]
[Source "ChessBase"]
[SourceDate "2012.04.24"]
[SourceVersion "1"]
[SourceVersionDate "2012.04.24"]
[SourceQuality "1"]
[WhiteTeam "Russia (Seniors) II"]
[BlackTeam "Montenegro (Seniors)"]
[WhiteTeamCountry "RUS"]
[BlackTeamCountry "MNE"]

1. Nf3 d5 2. d4 c6 3. e3 Nf6 4. c4 g6 5. Nc3 Bg7 6. Bd3 dxc4 7. Bxc4 0-0 8. 0-0 Nbd7 9. a3 c5 10. d5 Nb6 11. Ba2 Bf5 12. Nh4 Be4 13. Nxe4 Nxe4 14. Qc2 Nd6 15. Nf3 Rc8 16. e4 Qd7 17. Re1 c4 18. Bd2 Na4 19. Bc3 Nxc3 20. bxc3 Nb5 21. Re3 Nxa3 22. Qb2 Nb5 23. Qb4 Nd6 24. Bb1 a6 25. Bc2 Qb5 26. Qa3 Qc5 27. Qb2 Nb5 28. Ba4 Nd6 0-1